000 00711nam a2200289Ia 4500
005 20250425160744.0
008 250425s9999 xx 000 0 und d
020 _a8448118944
041 _aspa
043 _asp
082 _a339
100 _aDORNBUSCH, RUDIGER
245 0 _aMACROECONOMIA
250 _a6A ED.
260 _aEspaña
_bMCGRAW HILL
_c1994
260 _aMADRID
300 _a785
500 _aINV.33414 LIBRO PERDIDOINCLUYE DISKETTE
500 _aTítulo Traducido: RABASCO, ESTHER; TOHARIA, LUIS
650 _aMACROECONOMIA
650 _aOFERTA Y DEMANDA
650 _aPIB
650 _aPROGRAMAS INFORMATICOS
710 _aMCGRAW-HILL
942 _c01
010 _a4507
999 _c195516
_d195516